| 000 | 00885nmc a2200325 a 4500 | ||
|---|---|---|---|
| 003 | AR-BaBNM | ||
| 005 | 20251128202719.0 | ||
| 008 | 235020s2004 ||||||||||||||000 | spa|| | ||
| 020 | _a84-9784-044-5 | ||
| 040 | _cAR-BaBNM | ||
| 100 | 1 | _aGarcía Canclini, Néstor | |
| 245 | 1 | 0 |
_aDiferentes, desiguales y desconectados _bmapas de la interculturalidad |
| 250 | _a1ª ed. | ||
| 260 |
_aBarcelona _bGedisa _c2004 |
||
| 300 | 0 | _a223 p. | |
| 490 | 0 | _aCla-de-ma | |
| 504 | _aBibliografía en p. 215-223 | ||
| 600 | 1 | 4 |
_aBourdieu, Pierre _d1930-2002 |
| 600 | 1 | 4 | _aGeertz, Clifford |
| 650 | 4 | _aMULTICULTURALISMO | |
| 650 | 4 | _aDESIGUALDAD CULTURAL | |
| 650 | 4 | _aINTEGRACION REGIONAL | |
| 650 | 4 | _aCULTURAS LATINOAMERICANAS | |
| 650 | 4 | _aCINE | |
| 650 | 4 | _aCIENCIAS SOCIALES | |
| 651 | 4 | _aAmérica Latina | |
| 653 | 0 | _aGLOBALIZACION | |
| 942 | _cBK | ||
| 998 | _cme-solo cat | ||
| 999 |
_c215 _d215 |
||